Statistiques concernant Le meilleur buteur de chaque sélection nationale

Cliquez ici pour prendre le quiz!

Statistiques générales

  • Ce quiz a été pris 148 fois
  • Le résultat moyen est 12 sur 20

Statistiques - réponses

PaysNom% Correct
Portugal (123)Christiano Ronaldo
100%
Argentine (103)Lionel Messi
98%
Brésil (77)Pele/Neymar
95%
France (54)Olivier Giroud
91%
Pologne (79)Robert Lewandowski
88%
Belgique (75)Romelu Lukaku
87%
Uruguay (68)Luis Suarez
82%
Angleterre (58)Harry Kane
79%
Cameroun (56)Samuel Eto'o
73%
Allemagne (71)Klose
72%
Hongrie (80)Ferenc Puskas
69%
Espagne (59)David Villa
64%
Ukraine (48)Andriy Shevchenko
57%
Pays-bas (50)Robin Van persie
54%
Suède (62)Ibrahimovic Zlatan
47%
Irlande (66)Keane
43%
Maroc (20)Hakim Ziyech
19%
Iran (109)Ali Daei
15%
Italie (35)Luigi Riva
8%
Croatie (45)Davor Sukez
1%

Distribution des résultats

Percentile par nombre de réponses

% des personnes avec chaque résultat

Votre développement - résultats

Vous n’avez pas pris ce quiz